000 02482cam a2200709 a 4500
001 21353
003 VRT
005 20260227151126.0
008 240314s2012 xo a a 000 0 slo
015 _aSNBA2012/08-04723
020 _a9788055128627
_q(viaz.)
035 _aF54CBBB0-95EB-4D4D-96BA-38D2E2E37891
035 _aurn:nbn:sk:snk-amjy1r
035 _aurn:nbn:sk:snk-am007xup
039 9 _a202403141136
_bVLOAD
_c202208091316
_dmsvkbb03
_c201511121727
_dVLOAD
_c201507071645
_dVLOAD
040 _aSVKBB
_bslo
_cSVKBB
_dSNK
_eAACR2
041 1 _aslo
_hger
044 _axo
_cSK
072 7 _a591
_xVšeobecná zoológia
_2konspekt
072 7 _a0/9-053.2
_xLiteratúra pre deti a mládež (náučná)
_2konspekt
080 _a591.9:630
_22001
080 _a630.1
_22001
080 _a591.5
_22001
080 _a(084.11)
_22001
080 _a(0.053.2)
_22001
080 _a581.526.42
_22001
100 1 _aNoa, Sandra,
_d1978-
_4aut
240 1 0 _aIm Wald
_lSlovensky
245 1 0 _aV lese
_b[otvor vyše 40 okienok a objavuj!]
_c[text: Sandra Noa ; z nemeckého originálu preložila Adela Orémusová ; ilustrácie Sandra Menke]
250 _a1. vyd.
260 _aBratislava
_bIkar
_c2012
300 _a[24] s.
_bfareb. ilustr.
_c28 cm
490 1 _aBystrá hlavička!
490 1 _aSpoznávaj
500 _aKartónové listy s otváracími okienkami
500 _aNáz. z obalu
521 1 _aPre dievčatá a chlapcov od 4 rokov
650 0 7 _alesné živočíchy
_2SNKPH
650 0 7 _alesné ekosystémy
_2SNKPH
650 0 7 _aekológia lesa
_2SNKPH
650 0 7 _aForest animals
_2SNKPHeng
650 0 7 _aForests ecosystems
_2SNKPHeng
650 0 7 _aForest ecology
_2SNKPHeng
650 0 7 _aekológia živočíchov
_2SNKPH
650 0 7 _aAnimal ecology
_2SNKPHeng
655 7 _apopulárno-náučné publikácie
_2SNKPH
655 7 _apublikácie pre deti
_2SNKPH
655 7 _aPopular works
_2SNKPHeng
655 7 _aChildren's literature
_2SNKPHeng
700 1 _aOrémusová, Adela
_4trl
700 1 _aMenke, Sandra,
_d1972-
_4ill
830 0 _aSpoznávaj
830 0 _aBystrá hlavička!
942 _2ddc
_cOLDE
_n0
949 _6270001000399537
_asvkbbC 56205
_bsvkbbm 727814
949 _617A0954773
_asnkSB 83070
_bsnk2012/11851
_o1351/12
_s6100:20140925
949 _617A0954774
_asnkSB 83070 D1
_bsnk2012/11852
_o1351/12
980 _a087.5
980 _a(084.11)
980 _a(0.062)
999 _c21353
_d21353